000 00592cam a2200169 4500500
005 20260405004002.0
041 _afre
042 _adc
100 1 0 _aArdeois, Iris
_eauthor
245 0 0 _a1958 : le philosophe Gilbert Simondon annonçait la création de l’intelligence artificielle
260 _c2026.
500 _a99
690 _aIntelligence Artificielle
690 _aSimondon
786 0 _nPhilosophie magazine | 196 | 1 | 2026-01-01 | p. 137-137 | 1951-1787
856 4 1 _uhttps://shs.cairn.info/magazine-philosophie-magazine-2026-1-page-137?lang=fr&redirect-ssocas=7080
999 _c2072670
_d2072670